000 00294nam a2200121Ia 4500
008 211105s9999 xx 000 0 und d
020 _aVYASA01238
100 _aDonald Walters J
245 0 _aAwaken To Superconsciousness
250 _a1st
260 _bMotilal banarsidass
_c\N
300 _a262
999 _c10501
_d10501